00484 2200181 4500001002100000005001500021008004100036020002200077035001900099041000700118082001000125090001600135100002300151245004100174260003700215300001800252650003200270INLIS00000000001508820241224114852241224||||||||| | ||| |||| || |  a978-979-033-143-6 0010-1224015088 aid0 a574.5 a574.5 SAL p0 aLaura Purdie Salas00aPadang Rumput: Padang Hijau Keemasan aJakartabErlangga For Kidsc2007 a24hlm;22x22cm 0aIlmu-ilmu Tentang Kehidupan